Construction of Data Flow Graph for Cryptographic Implementations

Guardado en:
Detalles Bibliográficos
Autor principal: Klysa, Yelyzaveta (Autor)
Otros Autores: Hou, Xiaolu (Orientador)
Formato: Manuscrito Libro
Lenguaje:eslovaco
inglés
Publicado: 2022
Materias:
Acceso en línea:http://is.stuba.sk/zp/portal_zp.pl?podrobnosti=152838
Etiquetas: Agregar Etiqueta
Sin Etiquetas, Sea el primero en etiquetar este registro!

MARC

LEADER 00000ntm a22000003a 4500
001 stuzp88026
003 SK-STU
005 20220625210807.7
007 ta
008 150427s2015----xo-----f-mn---000-0-slo-d
040 |a STU  |b slo 
041 0 |a eng 
100 1 |a Klysa, Yelyzaveta  |u 070400  |4 aut  |U FIIT Fakulta informatiky a informačných technológií  |T FIIT Ústav počítačového inžinierstva a aplikovanej informatiky  |X 99411  |U I400  |Y 672  |7 99411 
242 0 1 |a Construction of Data Flow Graph for Cryptographic Implementations  |y slo 
245 1 0 |a Construction of Data Flow Graph for Cryptographic Implementations 
260 |c 2022 
650 4 |a Graf toku údajov  |2 slo 
650 4 |a LLVM stredná reprezentácia  |2 slo 
650 4 |a Diferenciálna chybová analýza  |2 slo 
650 4 |a Symetrické blokové šifry  |2 slo 
650 4 |a Data flow graph  |2 eng 
650 4 |a LLVM intermediate representation  |2 eng 
650 4 |a Differential Fault Analysis  |2 eng 
650 4 |a Symmetric block ciphers  |2 eng 
700 1 |a Hou, Xiaolu  |u 070400  |k Z2  |4 ths  |U FIIT Fakulta informatiky a informačných technológií  |T FIIT Ústav počítačového inžinierstva a aplikovanej informatiky  |X 114118  |U I400  |Y 672  |7 114118 
856 4 |u http://is.stuba.sk/zp/portal_zp.pl?podrobnosti=152838